El derecho del trabajo (Record no. 55638)

MARC details
000 -LEADER
campo de control de longitud fija 00565nam a2200169 i 4500
001 - NÚMERO DE CONTROL
campo de control 55638
003 - IDENTIFICADOR DE NÚMERO DE CONTROL
campo de control ES-MaACL
005 - FECHA Y HORA DE LA ÚLTIMA TRANSACCIÓN
campo de control 20230906163202.0
007 - CAMPO FIJO DE DESCRIPCIÓN FÍSICA--INFORMACIÓN GENERAL
campo de control de longitud fija t|
008 - DATOS DE LONGITUD FIJA--INFORMACIÓN GENERAL
campo de control de longitud fija 030924s1947 ag ||||1| spa d
100 1# - ENTRADA PRINCIPAL--NOMBRE DE PERSONA
Nombre de persona Despontin, Luis A.
9 (RLIN) 43921
245 13 - MENCIÓN DEL TÍTULO
Título El derecho del trabajo
Resto del título : su evolución en América /
Mención de responsabilidad, etc. Luis A. Despontin ; prólogo de Alejandro M. Unsain.
260 ## - PUBLICACIÓN, DISTRIBUCIÓN, ETC.
Lugar de publicación, distribución, etc. Buenos Aires :
Nombre del editor, distribuidor, etc. Edit. Bibliográfica Argentina,
Fecha de publicación, distribución, etc. 1947 (
Fabricante Macagno)
300 ## - DESCRIPCIÓN FÍSICA
Extensión 492 p. ;
Dimensiones 23 cm.
700 1# - ENTRADA AGREGADA--NOMBRE PERSONAL
Nombre de persona Unsain, Alejandro M.
9 (RLIN) 112022
852 ## - LOCALIZACIÓN
Ubicación ES-MaACL
Número de control de estantería D-6923
Sublocalización o colección R.31703
Holdings
Estatus retirado Estado de pérdida Estado de daño No para préstamo Biblioteca de origen Biblioteca actual Ubicación en estantería Fecha de adquisición Fuente de adquisición Total de préstamos Signatura topográfica completa Código de barras Visto por última vez Precio de reemplazo Tipo de ítem Koha
        Biblioteca del Ateneo de Madrid Biblioteca del Ateneo de Madrid Sala Valle Inclán 17/01/2008     D-6923 901058451 23/02/2023 23/02/2023 Libro impreso